000 00652cam a2200205 a 4500
001 000002147
005 20200929145841.0
008 851021s1968 sp af 001 p spa
010 _a85595505
040 _aDO-SdBNP
_bspa
_cBNPHU
082 _a861.64
_bZ35e, 1968
100 1 _aZapata Acosta, Ramón.
_96868
245 1 0 _aEspejos y figuras :
_bpoemas /
_cRamón Zapata Acosta ; prólogo por Francisco Lluch Mora.
250 _a2a ed.
260 _aBarcelona :
_bEdiciones Rvmbos,
_c1968.
300 _a87 p. :
_bil. ;
_c25 cm.
650 4 _aPoesía española
_9631
650 4 _aLiteratura española
_9632
700 1 _aFrancisco Lluch Mora
_epról.
_96869
999 _c1998
_d1998